[Event "Provaglio op 27th"]
[Site "Provaglio"]
[Date "2010.11.12"]
[Round "3"]
[White "Cambieri, Mario"]
[Black "Ghidinelli, Giorgio"]
[Result "0-1"]
[WhiteElo "1889"]
[BlackElo "1911"]
[PlyCount "88"]
[EventDate "2010.10.29"]
[EventType "swiss"]
[EventRounds "8"]
[EventCountry "ITA"]
[SourceTitle "EXT 2015"]
[Source "ChessBase"]
[SourceDate "2014.11.20"]
[SourceVersion "1"]
[SourceVersionDate "2014.11.20"]
[SourceQuality "1"]

1. c4 Nf6 2. g3 e5 3. Nc3 d5 4. cxd5 Nxd5 5. Bg2 Nb6 6. d3 Be7 7. Nf3 Nc6 8. 0-0 Be6 9. Bd2 f6 10. Rc1 Qd7 11. a3 0-0 12. Ne4 Bh3 13. Nc5 Bxc5 14. Rxc5 Bxg2 15. Kxg2 Qe6 16. b4 Nd7 17. Rc4 a6 18. Be3 Rac8 19. Kg1 Ne7 20. Qc2 Nd5 21. Bd2 c6 22. Rh4 Ne7 23. Rc1 g6 24. d4 Nf5 25. Re4 Nd6 26. Rh4 e4 27. Ne1 Rfe8 28. f3 exf3 29. exf3 Qd5 30. Bc3 Re3 31. Qd1 Rce8 32. Rc2 Nb5 33. Re4 R8xe4 34. fxe4 Qxe4 35. Bd2 Rxa3 36. Bh6 Kf7 37. Re2 Nc3 38. Rxe4 Nxd1 39. d5 cxd5 40. Rd4 Nc3 41. Rd2 Ra1 42. Kf1 Ne5 43. Rc2 d4 44. Kf2 Ng4+ 0-1

[Event "Provaglio op 27th"]
[Site "Provaglio"]
[Date "2010.11.05"]
[Round "2"]
[White "Barucco, Mattia"]
[Black "Cambieri, Mario"]
[Result "1/2-1/2"]
[WhiteElo "1992"]
[BlackElo "1889"]
[PlyCount "98"]
[EventDate "2010.10.29"]
[EventType "swiss"]
[EventRounds "8"]
[EventCountry "ITA"]
[SourceTitle "EXT 2015"]
[Source "ChessBase"]
[SourceDate "2014.11.20"]
[SourceVersion "1"]
[SourceVersionDate "2014.11.20"]
[SourceQuality "1"]

1. e4 d5 2. exd5 Nf6 3. c4 e6 4. dxe6 Bxe6 5. d4 c6 6. Nf3 Bd6 7. Bd3 0-0 8. 0-0 Qc7 9. Nc3 Bg4 10. h3 Bh5 11. Bg5 Nbd7 12. Be2 Rfe8 13. Qc2 Bf4 14. Bxf4 Qxf4 15. Rad1 Re7 16. Qd2 Qc7 17. d5 cxd5 18. Nxd5 Nxd5 19. cxd5 Qd6 20. g4 Bg6 21. Bc4 Rae8 22. Bb5 a6 23. Bxd7 Rxd7 24. Rfe1 Rxe1+ 25. Qxe1 f6 26. Nh4 Re7 27. Qc3 Rc7 28. Qf3 Rd7 29. Nxg6 hxg6 30. Qe4 Kf7 31. h4 Qe7 32. Qf3 Rd6 33. Qf4 Qd7 34. Qd4 f5 35. f3 Qe7 36. Qf4 Qd7 37. gxf5 gxf5 38. Qe5 g6 39. Qh8 Qe8 40. Qxe8+ Kxe8 41. Kf2 Rb6 42. Ke3 Rxb2 43. Kf4 Rxa2 44. Kg5 Rg2+ 45. Kf6 Kd7 46. Rb1 b5 47. Ke5 Re2+ 48. Kf6 Rg2 49. Ke5 Re2+ 1/2-1/2

[Event "Crema op 12th"]
[Site "Crema "]
[Date "2010.09.05"]
[Round "2"]
[White "Ventura, Franco"]
[Black "Cambieri, Mario"]
[Result "1-0"]
[WhiteElo "2099"]
[BlackElo "1889"]
[PlyCount "63"]
[EventDate "2010.09.05"]
[EventType "swiss"]
[EventRounds "6"]
[EventCountry "ITA"]
[SourceTitle "EXT 2012"]
[Source "ChessBase"]
[SourceDate "2011.11.24"]
[SourceVersion "1"]
[SourceVersionDate "2011.11.24"]
[SourceQuality "1"]

1. Nf3 c5 2. c4 Nf6 3. g3 Nc6 4. Bg2 g6 5. 0-0 Bg7 6. Nc3 0-0 7. d3 d6 8. a3 Bd7 9. Rb1 a5 10. Bg5 Rc8 11. Qd2 e6 12. Qf4 h6 13. Bxh6 Nh5 14. Qd2 Ne7 15. Bxg7 Kxg7 16. b4 axb4 17. axb4 b6 18. Qb2 Bc6 19. b5 Bb7 20. Ra1 Nf6 21. Ra7 Rc7 22. Rfa1 d5 23. e3 Nc8 24. R7a2 dxc4 25. dxc4 Rd7 26. Ne5 Rc7 27. Rd1 Qe7 28. Bxb7 Rxb7 29. Nc6 Qc7 30. Ne4 e5 31. Nxf6 Kxf6 32. Rd7 1-0

[Event "Bergamo op"]
[Site "Bergamo"]
[Date "2007.11.16"]
[Round "6"]
[White "Merletti, Vincenzo"]
[Black "Cambieri, Mario"]
[Result "0-1"]
[WhiteElo "1554"]
[BlackElo "1877"]
[PlyCount "51"]
[EventDate "2007.10.05"]
[EventType "swiss"]
[EventRounds "7"]
[EventCountry "ITA"]
[SourceTitle "EXT 2009"]
[Source "ChessBase"]
[SourceDate "2008.11.26"]
[SourceVersion "1"]
[SourceVersionDate "2008.11.26"]
[SourceQuality "1"]

1. d4 Nf6 2. c4 c5 3. d5 e6 4. Nc3 exd5 5. cxd5 d6 6. e4 g6 7. Be2 Bg7 8. Nf3 Bg4 9. Nd2 Bxe2 10. Nxe2 b5 11. Rb1 Nbd7 12. f4 0-0 13. 0-0 c4 14. Nd4 Qb6 15. Nxc4 bxc4 16. Be3 Nc5 17. Nc6 Nfxe4 18. f5 Qc7 19. Qc2 Rfe8 20. Qxc4 Ng3 21. hxg3 Rxe3 22. fxg6 hxg6 23. Rbe1 Rae8 24. Rxe3 Rxe3 25. b3 Ne4 26. Rf3 0-1

[Event "Bratto op-B 27th"]
[Site "Bratto"]
[Date "2007.08.27"]
[Round "4"]
[White "Cambieri, Mario"]
[Black "Pennati, Roberto"]
[Result "1-0"]
[WhiteElo "1867"]
[BlackElo "1777"]
[PlyCount "77"]
[EventDate "2007.08.24"]
[EventType "swiss"]
[EventRounds "8"]
[EventCountry "ITA"]
[SourceTitle "CBM 120 Extra"]
[Source "ChessBase"]
[SourceDate "2007.11.01"]
[SourceVersion "1"]
[SourceVersionDate "2007.11.01"]
[SourceQuality "1"]

1. c4 f5 2. d4 Nf6 3. g3 Nc6 4. Bg2 e6 5. Nf3 Bb4+ 6. Bd2 Be7 7. Nc3 Rb8 8. 0-0 0-0 9. a3 a6 10. d5 Na7 11. dxe6 dxe6 12. Qc2 Nc6 13. Rad1 Qe8 14. Bf4 Bd8 15. Ne5 Ne7 16. e4 Ng6 17. Nxg6 Qxg6 18. Rxd8 Rxd8 19. Bxc7 Bd7 20. Bxb8 Rxb8 21. exf5 exf5 22. Re1 Re8 23. Qd2 Rxe1+ 24. Qxe1 h5 25. Qd2 Bc6 26. Nd5 Bxd5 27. Bxd5+ Nxd5 28. Qxd5+ Qf7 29. Qxf7+ Kxf7 30. f4 Ke6 31. Kf2 b5 32. Ke3 bxc4 33. Kd4 Kf6 34. Kxc4 g5 35. b4 h4 36. Kd4 gxf4 37. gxf4 h3 38. a4 Ke6 39. b5 1-0

[Event "Bergamo Province-ch"]
[Site "Bergamo"]
[Date "2006.11.24"]
[Round "8"]
[White "Cambieri, Mario"]
[Black "Di Mauro, Valerio"]
[Result "1-0"]
[WhiteElo "1877"]
[BlackElo "1586"]
[PlyCount "79"]
[EventDate "2006.10.06"]
[EventType "swiss"]
[EventRounds "9"]
[EventCountry "ITA"]
[SourceTitle "EXT 2011"]
[Source "ChessBase"]
[SourceDate "2010.11.26"]
[SourceVersion "1"]
[SourceVersionDate "2010.11.26"]
[SourceQuality "1"]

1. c4 e5 2. Nc3 d6 3. g3 f5 4. Bg2 Nf6 5. e4 c6 6. d3 Be7 7. Nf3 0-0 8. 0-0 Qe8 9. Bd2 fxe4 10. dxe4 Be6 11. Qb3 b5 12. Rfe1 Bxc4 13. Qc2 Qh5 14. b3 Be6 15. Bg5 Bg4 16. Re3 Bxf3 17. Bxf6 Rxf6 18. Bxf3 Rxf3 19. Qe2 b4 20. Rxf3 Qg6 21. Qc4+ Kh8 22. Qxb4 Qe8 23. Qb7 Nd7 24. Qxc6 Rc8 25. Qa4 Bf6 26. Nd5 Bg5 27. Rd1 Qd8 28. Rf7 Nf8 29. Rxa7 h5 30. Qa5 Qe8 31. h4 Bd8 32. Qa6 Qc6 33. Qxc6 Rxc6 34. Ra8 Ne6 35. f4 exf4 36. gxf4 Kh7 37. f5 Nc5 38. Rxd8 Nxe4 39. Re1 Nd2 40. Nf6+ 1-0

[Event "Bratto Martesana op"]
[Site "Bratto"]
[Date "2006.11.18"]
[Round "4"]
[White "Cambieri, Mario"]
[Black "Cantu, Guido"]
[Result "1-0"]
[WhiteElo "1877"]
[BlackElo "1819"]
[PlyCount "51"]
[EventDate "2006.11.11"]
[EventType "swiss"]
[EventRounds "6"]
[EventCountry "ITA"]
[SourceTitle "EXT 2008"]
[Source "ChessBase"]
[SourceDate "2007.11.25"]
[SourceVersion "1"]
[SourceVersionDate "2007.11.25"]
[SourceQuality "1"]

1. c4 Nf6 2. Nc3 e6 3. g3 Be7 4. Bg2 0-0 5. d4 d5 6. cxd5 exd5 7. Nf3 c6 8. 0-0 Bf5 9. Bd2 Nbd7 10. Nh4 Be4 11. f3 Bg6 12. Nxg6 fxg6 13. e4 Qb6 14. Ne2 Rae8 15. Kh1 Bb4 16. e5 Bxd2 17. Qxd2 Nxe5 18. dxe5 Rxe5 19. Nf4 Rfe8 20. Rfe1 Rxe1+ 21. Rxe1 Rxe1+ 22. Qxe1 Qxb2 23. Bh3 d4 24. Qe6+ Kh8 25. Qc8+ Ng8 26. Be6 1-0

[Event "Bratto Gorgonzola op-B"]
[Site "Bratto"]
[Date "2006.08.25"]
[Round "6"]
[White "Cambieri, Mario"]
[Black "Sanzani, Pierluigi"]
[Result "0-1"]
[WhiteElo "1814"]
[BlackElo "1892"]
[PlyCount "73"]
[EventDate "2006.08.20"]
[EventType "swiss"]
[EventRounds "8"]
[EventCountry "ITA"]
[SourceTitle "EXT 2008"]
[Source "ChessBase"]
[SourceDate "2007.11.25"]
[SourceVersion "1"]
[SourceVersionDate "2007.11.25"]
[SourceQuality "1"]

1. c4 g6 2. Nf3 Bg7 3. d4 Nf6 4. Nc3 0-0 5. g3 c6 6. e4 d6 7. Bg2 Nbd7 8. 0-0 e5 9. d5 cxd5 10. cxd5 a6 11. Qe2 Nh5 12. Bd2 Qe8 13. Rac1 h6 14. Nh4 Kh7 15. Nf5 gxf5 16. Qxh5 Nf6 17. Qe2 b5 18. f3 Rg8 19. Nd1 Bf8 20. f4 exf4 21. Rxf4 Nxd5 22. Rh4 Nf6 23. e5 Rb8 24. Rc7 dxe5 25. Qe3 Rg6 26. Qa7 Nd7 27. Bc6 Rd6 28. Qe3 Qe6 29. Rxd7 Bxd7 30. Bxd7 Rxd7 31. Nf2 Rbd8 32. Bc3 Rd5 33. Nh3 Bc5 34. Qxc5 Rxc5 35. Ng5+ Kg6 36. Nxe6 fxe6 37. a4 0-1

[Event "Bergamo Province-ch"]
[Site "Bergamo"]
[Date "2005.11.18"]
[Round "7"]
[White "Impellizzeri, Francesco"]
[Black "Cambieri, Mario"]
[Result "1-0"]
[WhiteElo "1688"]
[BlackElo "1805"]
[PlyCount "41"]
[EventDate "2005.10.07"]
[EventType "swiss"]
[EventRounds "8"]
[EventCountry "ITA"]
[SourceTitle "EXT 2023"]
[Source "ChessBase"]
[SourceDate "2022.10.05"]
[SourceVersion "1"]
[SourceVersionDate "2022.10.05"]
[SourceQuality "1"]

1. d4 Nf6 2. c4 c5 3. d5 e6 4. Nc3 exd5 5. cxd5 d6 6. e4 g6 7. f4 Bg7 8. Bb5+ Nbd7 9. e5 dxe5 10. fxe5 Qe7 11. Qe2 Nh5 12. Nf3 a6 13. Bg5 f6 14. d6 axb5 15. dxe7 fxg5 16. Nd5 g4 17. Ng5 Nxe5 18. 0-0 c4 19. Ne4 Kd7 20. Ndf6+ Nxf6 21. Nxf6+ 1-0

[Event "Bergamo Province-ch"]
[Site "Bergamo"]
[Date "2005.11.11"]
[Round "6"]
[White "Minieri, Filippo"]
[Black "Cambieri, Mario"]
[Result "0-1"]
[WhiteElo "2155"]
[BlackElo "1805"]
[PlyCount "76"]
[EventDate "2005.10.07"]
[EventType "swiss"]
[EventRounds "8"]
[EventCountry "ITA"]
[SourceTitle "EXT 2023"]
[Source "ChessBase"]
[SourceDate "2022.10.05"]
[SourceVersion "1"]
[SourceVersionDate "2022.10.05"]
[SourceQuality "1"]

1. e4 c5 2. Nc3 d6 3. f4 Nf6 4. Nf3 g6 5. Bc4 Bg7 6. Ng5 0-0 7. 0-0 Nc6 8. a3 Bd7 9. Ne2 a6 10. a4 h6 11. Nf3 Be6 12. Bxe6 fxe6 13. c3 c4 14. Ned4 Nxd4 15. cxd4 Rc8 16. b3 c3 17. Ba3 Qb6 18. a5 Qa7 19. Qe1 Ng4 20. Qg3 Ne3 21. Qxg6 Rf6 22. Qg3 Nc2 23. e5 Nxd4 24. Kh1 Nf5 25. Qe1 Rcf8 26. exd6 exd6 27. Qxe6+ Kh8 28. Ne5 dxe5 29. Bxf8 Rxf8 30. fxe5 Ne3 31. Rxf8+ Bxf8 32. Qf6+ Bg7 33. Qd8+ Kh7 34. e6 Qc5 35. e7 c2 36. Rg1 c1Q 37. d4 Qc6 38. d5 Qg6 0-1

[Event "Bergamo Province-ch"]
[Site "Bergamo"]
[Date "2003.10.28"]
[Round "4"]
[White "Elitropi, Giorgio"]
[Black "Cambieri, Mario"]
[Result "1-0"]
[WhiteElo "1716"]
[BlackElo "1774"]
[PlyCount "97"]
[EventDate "2003.10.10"]
[EventType "swiss"]
[EventRounds "8"]
[EventCountry "ITA"]
[SourceTitle "EXT 2023"]
[Source "ChessBase"]
[SourceDate "2022.10.05"]
[SourceVersion "1"]
[SourceVersionDate "2022.10.05"]
[SourceQuality "1"]

1. f4 d5 2. Nf3 Nf6 3. e3 e6 4. b3 c5 5. Bb2 Be7 6. Be2 Nc6 7. 0-0 0-0 8. Ne5 d4 9. Nxc6 bxc6 10. Bf3 Qd6 11. g3 Ba6 12. Re1 Rad8 13. e4 e5 14. f5 c4 15. bxc4 Bxc4 16. d3 Ba6 17. Nd2 c5 18. Ba3 Qc7 19. Bg2 Qa5 20. Bc1 c4 21. dxc4 d3 22. cxd3 Rxd3 23. Bf1 Bxc4 24. Bxd3 Bxd3 25. Nb3 Qb5 26. Qf3 Rd8 27. Bg5 Bb4 28. Bxf6 Qb6+ 29. Re3 gxf6 30. Kg2 Ba6 31. Rb1 Qc6 32. Kh3 Qc2 33. Rc1 Qxa2 34. Rc6 Bb5 35. Rxf6 Qb1 36. Qh5 Rd7 37. Rh6 Qf1+ 38. Kh4 Qg1 39. Qg5+ Kh8 40. Qf6+ Kg8 41. Qg5+ Kf8 42. h3 Ke8 43. Rxh7 Bf8 44. f6 Qd1 45. Qxe5+ Re7 46. Qxb5+ Rd7 47. Rh8 Qd6 48. e5 Qc7 49. Nc5 1-0

[Event "Bergamo op 1st"]
[Site "Bergamo"]
[Date "2002.07.28"]
[Round "6"]
[White "Cambieri, Mario"]
[Black "Miatello, Alberto"]
[Result "0-1"]
[WhiteElo "1660"]
[BlackElo "1878"]
[PlyCount "30"]
[EventDate "2002.07.26"]
[EventType "swiss"]
[EventRounds "6"]
[EventCountry "ITA"]
[SourceTitle "EXT 2007"]
[Source "ChessBase"]
[SourceDate "2006.11.23"]
[SourceVersion "1"]
[SourceVersionDate "2006.11.23"]
[SourceQuality "1"]

1. c4 Nf6 2. Nc3 g6 3. g3 Bg7 4. d4 d6 5. Bg2 0-0 6. Nf3 Nbd7 7. 0-0 e5 8. dxe5 dxe5 9. Qc2 c6 10. Rd1 Qe7 11. b3 Re8 12. Bb2 e4 13. Nd2 e3 14. Nf3 exf2+ 15. Kxf2 Ng4+ 0-1

[Event "Bergamo Province-ch"]
[Site "Bergamo"]
[Date "2001.11.13"]
[Round "8"]
[White "Cambieri, Mario"]
[Black "Bassis, Ivano"]
[Result "1-0"]
[WhiteElo "1660"]
[BlackElo "1642"]
[PlyCount "71"]
[EventDate "2001.09.25"]
[EventType "swiss"]
[EventRounds "8"]
[EventCountry "ITA"]
[SourceTitle "EXT 2024"]
[Source "ChessBase"]
[SourceDate "2023.10.10"]
[SourceVersion "1"]
[SourceVersionDate "2023.10.10"]
[SourceQuality "1"]

1. c4 Nf6 2. Nc3 e5 3. g3 Bb4 4. Bg2 0-0 5. d3 Bxc3+ 6. bxc3 Re8 7. Bg5 h6 8. Bxf6 Qxf6 9. e4 Nc6 10. Ne2 d6 11. 0-0 Bg4 12. f3 Bd7 13. f4 Bg4 14. fxe5 Qxe5 15. d4 Qg5 16. Qd3 Ne7 17. Nf4 c6 18. Rab1 Rab8 19. Rb2 Ng6 20. Nh3 Qe7 21. Nf4 Qg5 22. Rbf2 Re7 23. h3 Bd7 24. h4 Nxf4 25. Rxf4 Qg6 26. Qf3 h5 27. Kh2 Bg4 28. Qf2 Rbe8 29. e5 dxe5 30. dxe5 Rxe5 31. Rxf7 Be6 32. Rf8+ Rxf8 33. Qxf8+ Kh7 34. Qf4 Qf5 35. Qd4 Re4 36. Bxe4 1-0

[Event "Bergamo Province-ch"]
[Site "Bergamo"]
[Date "2000.10.03"]
[Round "2"]
[White "Cambieri, Mario"]
[Black "Carrara, Diego"]
[Result "1/2-1/2"]
[WhiteElo "1642"]
[BlackElo "1738"]
[PlyCount "40"]
[EventDate "2000.09.26"]
[EventType "swiss"]
[EventRounds "6"]
[EventCountry "ITA"]
[SourceTitle "EXT 2024"]
[Source "ChessBase"]
[SourceDate "2023.10.10"]
[SourceVersion "1"]
[SourceVersionDate "2023.10.10"]
[SourceQuality "1"]

1. e4 c5 2. Nf3 Nc6 3. d4 cxd4 4. Nxd4 e5 5. Nb3 Nf6 6. Nc3 Bb4 7. Bd3 d5 8. exd5 Nxd5 9. Bd2 Nxc3 10. bxc3 Be7 11. 0-0 0-0 12. f4 exf4 13. Bxf4 Bf6 14. Qf3 Be6 15. Be4 Qb6+ 16. Be3 Qc7 17. Nc5 Ne5 18. Qg3 Qe7 19. Rxf6 Qxf6 20. Bg5 Nf3+ 1/2-1/2

[Event "Bergamo Province-ch"]
[Site "Bergamo"]
[Date "2000.09.26"]
[Round "1"]
[White "Molteni, Costantino"]
[Black "Cambieri, Mario"]
[Result "0-1"]
[WhiteElo "1498"]
[BlackElo "1642"]
[PlyCount "100"]
[EventDate "2000.09.26"]
[EventType "swiss"]
[EventRounds "6"]
[EventCountry "ITA"]
[SourceTitle "EXT 2024"]
[Source "ChessBase"]
[SourceDate "2023.10.10"]
[SourceVersion "1"]
[SourceVersionDate "2023.10.10"]
[SourceQuality "1"]

1. d4 Nf6 2. c4 c5 3. d5 e6 4. Nc3 exd5 5. cxd5 d6 6. e4 g6 7. f4 Bg7 8. Bb5+ Ke7 9. e5 Nfd7 10. exd6+ Kxd6 11. Ne4+ Ke7 12. d6+ Kf8 13. Qe2 Nf6 14. Nxc5 Qxd6 15. Be3 b6 16. Rd1 Qc7 17. Qd3 Bf5 18. Qd8+ Qxd8 19. Rxd8+ Ke7 20. Rxh8 Bxh8 21. Nb3 Nd5 22. Bd4 Bxd4 23. Nxd4 Be4 24. Ngf3 Nxf4 25. Kf2 Nd7 26. Re1 f5 27. Nc6+ Kd6 28. Rd1+ Nd5 29. Nb4 N7f6 30. Ng5 Kc5 31. Bc6 Nxb4 32. Bxa8 Bxa8 33. Nxh7 Nxh7 34. Rd7 Nf6 35. Rxa7 Bd5 36. Rf7 Ne4+ 37. Ke3 g5 38. a3 Nc2+ 39. Kd3 Ne1+ 40. Ke2 Nxg2 41. b4+ Kb5 42. Ra7 Nf4+ 43. Ke3 Ne6 44. Rd7 f4+ 45. Ke2 Kc6 46. Ra7 Nc7 47. a4 Nd6 48. b5+ Kd7 49. a5 Ndxb5 50. Rxc7+ Kxc7 0-1